2024 MLB Offensive Statistical Leaders - Statistics

General Stats
  • This quiz has been taken 224 times
  • The average score is 14 of 30
Answer Stats
Players % Correct
Aaron Judge
99%
Shohei Ohtani
95%
Bobby Witt Jr.
92%
Luis Arráez
78%
Ellly De La Cruz
76%
Juan Soto
74%
Kyle Schwarber
62%
Gunnar Henderson
60%
Vladimir Guerrero Jr.
60%
José Ramírez
58%
Trea Turner
51%
Manny Machado
50%
Marcell Ozuna
48%
Anthony Santander
47%
Yordan Alvarez
46%
José Altuve
45%
Jarren Duran
36%
Salvador Pérez
36%
Ketel Marte
35%
Willy Adames
35%
Brent Rooker
34%
Corbin Carroll
34%
Maikel Garcia
24%
Yainer Diaz
24%
Brice Turang
22%
Josh Naylor
22%
Jazz Chisholm Jr.
20%
José Caballero
17%
Ezequiel Tovar
13%
Victor Robles
6%
No matching quizzes found
Score Distribution
Percent of People with Each Score
Percentile by Number Answered
Your Score History
You have not taken this quiz